Interstate 35 Counties Quiz Stats

Quiz not verified by Sporcle

Challenge
Share
Tweet
Embed
Score 0/73 Timer 19:00
0 Plays Today
State County % Correct
TXDallas County
88.9%
TXBexar County
87.4%
OKOklahoma County
86.5%
TXJohnson County
83%
KSJohnson County
83%
TXTarrant County
81.5%
MOJackson County
79.3%
TXTravis County
77.8%
TXDenton County
77.8%
MNHennepin County
77.8%
TXWebb County
74.1%
TXEllis County
72.6%
TXMcLennan County
71.1%
KSWyandotte County
71.1%
MNRamsey County
70.4%
TXGuadalupe County
68.9%
TXWilliamson County
68.9%
IAPolk County
68.9%
KSSedgwick County
68.1%
MOClay County
68.1%
TXComal County
67.4%
TXHays County
65.9%
TXBell County
65.9%
OKCleveland County
65.9%
IAFranklin County
64.4%
MNDakota County
62.2%
MNWashington County
62.2%
TXLa Salle County
61.5%
TXFrio County
60%
OKLove County
59.3%
MNSt. Louis County
59.3%
TXAtascosa County
57.8%
MOClinton County
57.8%
MNFreeborn County
57.8%
OKCarter County
57%
IAStory County
57%
MNAnoka County
57%
State County % Correct
TXHill County
56.3%
TXCooke County
56.3%
OKMcClain County
56.3%
MOHarrison County
56.3%
IACerro Gordo County
56.3%
MODekalb County
55.6%
TXFalls County
54.8%
MNScott County
54.8%
OKGarvin County
53.3%
OKNoble County
53.3%
KSMiami County
53.3%
IAWarren County
53.3%
OKKay County
52.6%
KSSumner County
52.6%
KSLyon County
52.6%
OKLogan County
51.9%
IAHamilton County
51.9%
IAWorth County
51.9%
MNPine County
51.9%
TXMedina County
51.1%
MNRice County
51.1%
MNCarlton county
51.1%
OKPayne County
50.4%
KSOsage County
50.4%
MNChisago County
50.4%
KSButler County
48.9%
MODaviess County
48.9%
MNSteele County
47.5%
KSChase County
47.4%
IADecatur County
46.7%
OKMurray County
45.9%
MOCaldwell County
43%
IAWright County
42.2%
KSCoffey County
41.5%
IAClarke County
37%
KSFranklin County
30.4%

You're not logged in!

Compare scores with friends on all Sporcle quizzes.
Sign Up with Email
OR
Log In

You Might Also Like...

Show Comments

Extras

Top Quizzes Today


Score Distribution

Your Account Isn't Verified!

In order to create a playlist on Sporcle, you need to verify the email address you used during registration. Go to your Sporcle Settings to finish the process.

Report this User

Report this user for behavior that violates our Community Guidelines.

Details: